Statistiken für Geschichte nach Buchstabe - A

Klicken Sie hier um das Quiz zu spielen!

Allgemein

  • Dieses Quiz wurde 7.375 mal gespielt
  • Das Durchschnittsergebnis liegt bei 10 aus 22

Antwortstatistiken

HinweisAntwort% Korrekt
Erster Mensch auf dem MondNeil Armstrong
98%
"Großer" Eroberer PersiensAlexander
76%
Bündnisse, die im Zweiten Weltkrieg
gegeneinander kämpften
Alliierte
75%
Philosoph welcher den
obengenannten unterrichtete
Aristoteles
73%
Gründungsvater der modernen TürkeiM.K.
Atatürk
63%
Die UdSSR marschierte 1979
in dieses Land ein
Afghanistan
59%
Römischer Kaiser, geboren
als Gaius Octavius
Augustus
57%
Hunne der auch "Geißel Gottes"
genannt wird
Attila
56%
Bündnisse, die im Zweiten Weltkrieg
gegeneinander kämpften
Achsenmächte
54%
Segregationssystem
gegen welches Nelson Mandela kämpfte
Apartheid
54%
Zivilisation, dessen Hauptstadt
Tenochtitlan war
Azteken
48%
Hauptstadt des Khmer-Reiches,
bekannt für sein "Wat"
Angkor
43%
Mohammeds Nachfolger (für Schiiten)Ali
42%
Griechischer Erfinder, der "Heureka!" riefArchimedes
42%
Erste Person, die den Südpol
erreicht hat
Roald Amundsen
40%
Zweiter Präsident der Vereinigten StaatenJohn Adams
36%
Stamm, der England seinen Namen gabAngeln
33%
Land das sich mit Kastilien verbündeteAragon
23%
Früherer Name ÄthiopiensAbessinien
21%
Hauptstadt des Mogulreiches und
Ort des Taj Mahal
Agra
21%
Mesopotamisches Reich von
2500 v.Chr. bis 605 v.Chr.
Assyrien
16%
Heiliger Autor der "Confessiones" schriebAugustinus
9%

Verteilung der Resultate

Perzentil nach korrekt beantworteten Fragen

Anzahl Personen mit jedem Resultat

Ihre Resultats-Entwicklung

Sie haben dieses Quiz noch nicht gespielt